ARRUPE JESUIT UNIVERSITY

CORONAVIRUS -STOP THE SPREAD - CLEAN,DISINFECT,COVER

The letters of Vincent van Gogh / (Record no. 128689)

MARC details
000 -LEADER
fixed length control field 01403cam a2200373 a 4500
001 - CONTROL NUMBER
control field 3550621
003 - CONTROL NUMBER IDENTIFIER
control field ARRUPE
005 - DATE AND TIME OF LATEST TRANSACTION
control field 20181130115953.0
008 - FIXED-LENGTH DATA ELEMENTS--GENERAL INFORMATION
fixed length control field 970506s1996 enka b 001 0aeng d
010 ## - LIBRARY OF CONGRESS CONTROL NUMBER
LC control number 97148196
020 ## - INTERNATIONAL STANDARD BOOK NUMBER
International Standard Book Number 0713991356
035 ## - SYSTEM CONTROL NUMBER
System control number (CStRLIN)PATG96-B22942
040 ## - CATALOGING SOURCE
Original cataloging agency CMalG
Transcribing agency CMalG
Modifying agency PPT
-- DLC
041 1# - LANGUAGE CODE
Language code of text/sound track or separate title eng
Language code of original and/or intermediate translations of text dut
042 ## - AUTHENTICATION CODE
Authentication code lccopycat
043 ## - GEOGRAPHIC AREA CODE
Geographic area code e-ne---
050 00 - LIBRARY OF CONGRESS CALL NUMBER
Classification number ND653.G7
Item number A3 1996
082 00 - DEWEY DECIMAL CLASSIFICATION NUMBER
Classification number 759.9492
-- B
Edition number 21
300 ## - PHYSICAL DESCRIPTION
Other physical details ill. ;
Dimensions 24 cm.
100 1# - MAIN ENTRY--PERSONAL NAME
Personal name Gogh, Vincent van,
Dates associated with a name 1853-1890.
9 (RLIN) 26559
245 14 - TITLE STATEMENT
Title The letters of Vincent van Gogh /
Statement of responsibility, etc selected and edited by Ronald de Leeuw ; translated by Arnold Pomerans.
260 ## - PUBLICATION, DISTRIBUTION, ETC. (IMPRINT)
Place of publication, distribution, etc London :
Name of publisher, distributor, etc Allen Lane, Penguin Press,
Date of publication, distribution, etc 1996.
300 ## - PHYSICAL DESCRIPTION
Extent xxxi, 528 p. :
500 ## - GENERAL NOTE
General note "Based on 'De Brieven van Vincent van Gogh' ..."--P. [vii]
504 ## - BIBLIOGRAPHY, ETC. NOTE
Bibliography, etc Includes bibliographical references and index.
600 10 - SUBJECT ADDED ENTRY--PERSONAL NAME
Personal name Gogh, Vincent van,
Dates associated with a name 1853-1890
General subdivision Correspondence.
9 (RLIN) 43730
650 #0 - SUBJECT ADDED ENTRY--TOPICAL TERM
Topical term or geographic name as entry element Painters
Geographic subdivision Netherlands
General subdivision Correspondence.
9 (RLIN) 43731
700 1# - ADDED ENTRY--PERSONAL NAME
Personal name Leeuw, Ronald de.
9 (RLIN) 43732
906 ## - LOCAL DATA ELEMENT F, LDF (RLIN)
a 7
b cbc
c copycat
d 2
e ncip
f 19
g y-gencatlg
942 ## - ADDED ENTRY ELEMENTS (KOHA)
Source of classification or shelving scheme Library of Congress Classification
Koha item type Monograph ( Printed materials)
Holdings
Withdrawn status Lost status Source of classification or shelving scheme Damaged status Not for loan Collection code Home library Current library Shelving location Date acquired Total Checkouts Full call number Barcode Date last seen Price effective from Koha item type
    Library of Congress Classification     Main Collection ARRUPE LIBRARY ARRUPE LIBRARY Main Collection 30/11/2018   ND653.G7 A3 1996 46600002709 30/11/2018 30/11/2018 Monograph ( Printed materials)

 

Arrupe Library. PO Box MP320 Mt Pleasant, Harare, Zimbabwe
263 242 745411|librarian@aju.ac.zw